| 000 | 00386nam a22001457a 4500 | ||
|---|---|---|---|
| 999 |
_c923 _d923 |
||
| 008 | 191231b ||||| |||| 00| 0 eng d | ||
| 082 | 0 | 0 |
_a520 _bW9133 |
| 100 |
_9487 _aWooley, R. Van Der Riet |
||
| 245 | 1 | 0 |
_aKey to the stars _cby R Van Der Riet Wooley |
| 250 | _a2nd ed. | ||
| 260 |
_aLondon : _bBlackie & son limited, _c1952. |
||
| 300 | _avi,143p. | ||
| 650 | 0 | _aAstronomy | |
| 942 | _cBK | ||